Grupos terapéuticos y asistencia pública / (Record no. 13997)

MARC details
000 -LEADER
campo de control de longitud fija 01072nam a2200277 i 4500
001 - NÚMERO DE CONTROL
campo de control 13997
003 - IDENTIFICADOR DE NÚMERO DE CONTROL
campo de control ES-MaACL
005 - FECHA Y HORA DE LA ÚLTIMA TRANSACCIÓN
campo de control 20230906150715.0
007 - CAMPO FIJO DE DESCRIPCIÓN FÍSICA--INFORMACIÓN GENERAL
campo de control de longitud fija t|
008 - DATOS DE LONGITUD FIJA--INFORMACIÓN GENERAL
campo de control de longitud fija 980827s1997 sp ||||1| spa d
020 ## - NÚMERO INTERNACIONAL ESTÁNDAR DEL LIBRO
Número Internacional Estándar del Libro 84-921633-3
080 ## - NÚMERO DE LA CLASIFICACIÓN DECIMAL UNIVERSAL
Número de la Clasificación Decimal Universal 615.851.6(063)
245 00 - MENCIÓN DEL TÍTULO
Título Grupos terapéuticos y asistencia pública /
Mención de responsabilidad, etc. E. Gamo Medina, R. Gómez Esteban (coordinadores).
260 ## - PUBLICACIÓN, DISTRIBUCIÓN, ETC.
Lugar de publicación, distribución, etc. Madrid :
Nombre del editor, distribuidor, etc. Asociación Española de Neuropsiquiatría,
Fecha de publicación, distribución, etc. 1997.
300 ## - DESCRIPCIÓN FÍSICA
Extensión 207 p. ;
Dimensiones 21 cm.
490 1# - MENCIÓN DE SERIE
Mención de serie Estudios ;
Designación de volumen o secuencia 20
500 ## - NOTA GENERAL
Nota general Ponencias del XX Congreso de la Asociación Española de Neuropsiquiatría, Badajoz, 5-8 de marzo de 1997.
650 14 - PUNTO DE ACCESO ADICIONAL DE MATERIA--TÉRMINO DE MATERIA
Término de materia o nombre geográfico como elemento de entrada Psicoterapia de grupo-
Subdivisión general Congresos y asambleas.
9 (RLIN) 16583
700 1# - ENTRADA AGREGADA--NOMBRE PERSONAL
Nombre de persona Gamo Medina, Emilio.
9 (RLIN) 53802
700 1# - ENTRADA AGREGADA--NOMBRE PERSONAL
Nombre de persona Gómez Esteban, Rosa.
9 (RLIN) 57948
710 2# - ENTRADA AGREGADA--NOMBRE DE ENTIDAD CORPORATIVA
Nombre de entidad corporativa o nombre de jurisdicción como elemento de entrada Asociación Española de Neuropsiquiatría.
9 (RLIN) 1677
711 2# - ENTRADA AGREGADA--NOMBRE DE REUNIÓN
Nombre de congreso/reunión o jurisdicción como elemento de entrada Congreso de la Asociación Española de Neuropsiquiatría (
Número del congreso/reunión o número de parte o sección 20.
Fecha del congreso o de la firma del tratado 1997.
Sede del congreso/Lugar de la reunión Badajoz)
9 (RLIN) 313
830 0# - PUNTO DE ACCESO ADICIONAL DE SERIE-TÍTULO UNIFORME
Título uniforme Estudios ;
Designación de volumen o secuencia 20
9 (RLIN) 177349
852 ## - LOCALIZACIÓN
Ubicación ES-MaACL
Número de control de estantería L-21327
Sublocalización o colección R.126326
Holdings
Estatus retirado Estado de pérdida Estado de daño No para préstamo Biblioteca de origen Biblioteca actual Ubicación en estantería Fecha de adquisición Fuente de adquisición Total de préstamos Signatura topográfica completa Código de barras Visto por última vez Precio de reemplazo Tipo de ítem Koha
        Biblioteca del Ateneo de Madrid Biblioteca del Ateneo de Madrid Depósito 2 17/01/2008     L-21327 1014242 23/02/2023 23/02/2023 Libro impreso